|
|
|
|
| LEADER |
00000nam a22000007a 4500 |
| 005 |
20130426131231.0 |
| 007 |
cr|||| |||| |
| 008 |
130426e2013 mx |||||s|||| 00||0 spa d |
| 020 |
|
|
|a 978-368-726-768-3
|
| 035 |
|
|
|a 11059
|
| 040 |
|
|
|a vLex
|
| 090 |
|
|
|c 4196
|d 4196
|
| 100 |
1 |
0 |
|a Castro Valdez, Penľope
|
| 245 |
1 |
0 |
|a Deducibilidad de comprobantes digitales e impresos
|c / Penľope Castro Valdez
|h [Recurso electrn̤ico]
|
| 256 |
|
|
|a Servicio en ln̕ea
|
| 260 |
|
|
|a Mx̌ico D.F. :
|b Ediciones Fiscales ISEF,
|c 2013
|
| 300 |
|
|
|a 1 Recurso electrn̤ico
|
| 506 |
|
|
|d vLex Global
|d vLex Global (Academic Edition, excluding Law Schools)
|d vLex Global (U.S. Academic Edition, Law Schools)
|d vLex Global (U.S. Academic Edition, excluding Law Schools)
|d vLex Global (Academic Edition, Law Schools)
|
| 650 |
0 |
4 |
|a Derecho tributario
|z Mx̌ico
|
| 650 |
0 |
4 |
|a E-Commerce
|
| 650 |
0 |
4 |
|a Derechos en la red
|
| 740 |
|
|
|a vLex Libros (Servicio en ln̕ea)
|
| 856 |
|
|
|a Acceso restringido
|u http://www.vlex.com/source/11059
|
| 942 |
|
|
|c BOOK
|
| 999 |
|
0 |
|a Taxation
|